|
|
|
|
| LEADER |
01127nam a22002297a 4500 |
| 001 |
19002 |
| 003 |
BD-DhAAL |
| 005 |
20140702123041.0 |
| 008 |
140702s2009 bg a 000 0 ben d |
| 020 |
|
|
|a 9847015200435
|
| 040 |
|
|
|a BD-DhAAL
|c BD-DhAAL
|
| 041 |
|
|
|a ben
|
| 082 |
|
|
|2 20
|a 822.3/3
|
| 245 |
0 |
0 |
|a শেক্সপিয়ার সেরা ট্রাজেডি ঃ
|b হ্যামলেট, ওথেলো, কিং লিয়ার, ম্যাকবেথ /
|c অনুবাদ, মোহীত উল আলম।
|
| 260 |
|
|
|a ঢাকাঃ
|b অনুপম প্রকাশনী,
|c ২০০৯
|
| 300 |
|
|
|a ২৪০ পৃ ঃ
|b চিত্র,
|c ২১ সেমি।
|
| 541 |
|
|
|e ১৯০০২
|
| 600 |
1 |
|
|a Shakespeare, William, 1564-1616.
|9 5264
|
| 700 |
|
|
|a Mohit ul alam (translator)
|9 5265
|
| 942 |
|
|
|2 ddc
|c BK
|
| 999 |
|
|
|c 32829
|d 32829
|
| 952 |
|
|
|0 0
|1 0
|2 ddc
|4 1
|6 822_330000000000000_SHA
|7 0
|9 42880
|a ENH
|b ENH
|c GEN
|d 2014-07-02
|l 0
|o 822.33 SHA
|p 3010019002
|r 2014-07-02
|t 1
|w 2014-07-02
|y BK
|x Departmental-issued damaged books were found in the ENH department for the reason of termites eaten in 2016
|